Представление документа в формате RUSMARC

ПолеНазваниеЗначение
  Тип записи a
  Библиографический уровень a
001 Контрольный номер RU/CBS_UL/BASE/c0b402f757cc43c69413a8cbf16bea36
005 Дата корректировки 20240430173438.1
100 Данные общей обработки __
a Данные общей обработки 20240430 ||| 0rusy0189 ca
101 Язык документа 0_
a Язык текста rus
102 Страна публикации __
a Страна публикации RU
200 Заглавие и сведения об ответственности 1_
a Заглавие Трудности перевода поэтических и прозаических форм в иностранном языке
e Сведения, относящиеся к заглавию [методическая разработка]
f Первые сведения об ответственности Э. Симакова
300 Общие примечания __
a Общие примечания 16+
461 Уровень набора _0
1 2000
a Магариф
463 Уровень физической единицы _0
1 2000
a № 4
v С. 76-80
1 2101
d 2024
1 001RU/CBS_UL/BASE/a0e6a9d454ba41339ab7d6545a9b59c7
606 Тематические рубрики 0_
a Основная рубрика Методика преподавания языков
610 Ключевые слова 0_
a Ключевые слова иностранные языки
610 Ключевые слова 0_
a Ключевые слова уроки английского языка
610 Ключевые слова 0_
a Ключевые слова изучение английского языка
610 Ключевые слова 0_
a Ключевые слова поэтические переводы
610 Ключевые слова 0_
a Ключевые слова сравнительные анализы переводов
686 Индексы других классификаций __
2 Код системы rubbk
a Классификационный индекс 74.268.1
700 Автор _1
a Фамилия Симакова
b Имя (инициалы) Э.
801 Источник записи _0
a Страна RU
b Организация МБУК ЦБС г. Ульяновска
c Дата составления 20240430
g Правила каталогизации RCR
801 Источник записи _1
a Страна RU
b Организация МБУК ЦБС г. Ульяновска
c Дата составления 20240430
g Правила каталогизации RCR
901 Тип документа __
t Тип документа b
w Контрольный № источника RU/CBS_UL/BASE/a0e6a9d454ba41339ab7d6545a9b59c7
909 Создатель записи __
a Создатель записи lib17